000
00334nam a22001457a 4500
003
OSt
008
220509b ||||| |||| 00| 0 eng d
082
_a
891.439 JNH
100
_a
JUNEJA,M.M
245
_a
Hum Kaise Jiye
260
_a
Panchkula
_b
Modern Publication
_c
2018
300
_a
120
650
_a
Gernal Book
942
_2
ddc
_c
BK
999
_c
11191
_d
11191